01123nam a2200229 i 450000100060000000300090000600500170001500700030003200800410003508000220007608000150009824500400011326000340015330000560018749000420024350002880028550501520057360000570072565100440078283000420082685200250086886322ES-MaACL20230906175424.0t|041227s2000 sp ||||1| spa d a929 Luis (44) XIV a940"16/17"00aLuis XIV [hRecurso electrónico]. a[Madrid] : bDolmen, c[2000] a1 disco compacto (CD-ROM) : bson., col. ; c12 cm.1 aLa historia y sus protagonistas ; v8 aRequerimientos del sistema: Procesador Pentium 200 MMX o superior, Memoria RAM 32 Mb o más, Espacio libre en disco duro de 10 Mb o más, Windows 95 o posterior, Tarjeta gráfica 2 Mb, Lector de CD-ROM 16X o superior, Tarjeta de sonido con capacidad de sonido digitalizado y MIDI.8 aContiene: Desde 1648 hasta 1789, analizando la preponderancia francesa en Europa y el siglo de las luces, desembocando en la Revolución Francesa.14aLuis bXIV cRey de Francia-xBiografías-vCD-ROM. 4aEuropa-xHistoria-y1648-1789-vCD-ROM.0 aLa historia y sus protagonistas ; v8 aES-MaACLjROT 1/4/14